Statistics for All Amtrak Routes

Click here to take the quiz!

General Stats

  • This quiz has been taken 218 times
  • The average score is 23 of 44

Answer Stats

Type of RouteAnswer% Correct
Long-DistanceEmpire Builder
86%
CorridorAcela Express
82%
Long-DistanceCalifornia Zephyr
77%
Long-DistanceTexas Eagle
72%
CorridorNortheast Regional
70%
Long-DistanceSouthwest Chief
69%
Long-DistanceSunset Limited
67%
Long-DistanceCoast Starlight
66%
Long-DistanceSilver Star
66%
Long-DistanceVermonter
66%
Long-DistanceCardinal
63%
Long-DistanceLake Shore Limited
62%
Long-DistanceCapitol Limited
61%
Long-DistanceCrescent
61%
CorridorDowneaster
60%
Long-DistanceSilver Meteor
58%
CorridorAmtrak Cascades
57%
Long-DistanceMaple Leaf
57%
Long-DistanceCity of New Orleans
55%
CorridorHiawatha Service
54%
Long-DistanceAdirondack
53%
CorridorKeystone Service
53%
CorridorCapitol Corridor
52%
Long-DistanceCarolinian
51%
Long-DistancePalmetto
51%
CorridorEmpire Service
50%
Long-DistancePennsylvanian
49%
Long-DistanceEthan Allen Express
46%
CorridorHeartland Flyer
46%
CorridorPacific Surfliner
44%
Long-DistanceAuto Train
42%
CorridorPiedmont
42%
CorridorWolverine
42%
CorridorMissouri River Runner
41%
CorridorBlue Water
37%
CorridorLincoln Service
36%
CorridorSan Joaquins
36%
CorridorIllini
31%
CorridorCarl Sandburg
30%
CorridorSaluki
30%
Long-DistanceHoosier State
27%
CorridorIllinois Zephyr
27%
CorridorPere Marquette
26%
CorridorNew Haven-Springfield Shuttle
20%

Score Distribution

Percentile by Number Answered

Percent of People with Each Score

Your Score History

You have not taken this quiz